La nona
Grotesco que narra la historia de una familia de clase baja que debe sacrificar todo para poder darle de comer a la insaciable abuela
Guardado en:
| Autor Principal: | |
|---|---|
| Autor Corporativo: | |
| Otros Autores: | , , , , , , , |
| Formato: | |
| Idioma: | Undetermined |
| Publicado: |
Argentina :
Aries Cinematográfica Argentina,
1979.
|
| Materias: | |
| Etiquetas: |
Agregar Etiqueta
Sin Etiquetas, Sea el primero en etiquetar este registro!
|
| LEADER | 01230ngm a22003135a 4500 | ||
|---|---|---|---|
| 001 | CEM.cems020265 | ||
| 008 | 230714s1979####xx#---############vlund#d | ||
| 005 | 20230714195046.0 | ||
| 245 | 1 | 0 | |a La nona |h [videograbación] / |c Héctor Olivera. |
| 260 | |a Argentina : |b Aries Cinematográfica Argentina, |c 1979. | ||
| 300 | |a 82'. | ||
| 520 | |a Grotesco que narra la historia de una familia de clase baja que debe sacrificar todo para poder darle de comer a la insaciable abuela | ||
| 538 | |a Soporte: DVD -- Formato: AVI Peso: 700mb -- Resolución: 512 x 384 -- 29.97fps | ||
| 590 | |a Identificación anterior: 97 | ||
| 100 | 1 | |a Olivera, Héctor. | |
| 700 | 1 | |a Cossa, Roberto; Guion. | |
| 700 | 1 | |a Cardozo Ocampo, Óscar; Música. | |
| 700 | 1 | |a Caula, Víctor Hugo; Fotografía. | |
| 700 | 1 | |a Soriano, Pepe; Reparto. | |
| 700 | 1 | |a AltaVista, Juan Carlos; Reparto. | |
| 700 | 1 | |a Terranova, Osvaldo; Reparto. | |
| 700 | 1 | |a Alfano, Graciela; Reparto. | |
| 700 | 1 | |a Franco, Eva; Reparto. | |
| 710 | 2 | |a Aries Cinematográfica Argentina. | |
| 653 | |a LARGOMETRAJE | ||
| 653 | |a FICCIÓN | ||
| 653 | |a ADAPTACIÓN | ||
| 653 | |a COMEDIA ARGENTINA | ||
| 859 | |a CEMS |b BIB. CEMS - Depto. Recursos Didacticos |h 778.5 |i OLI-2 |k DRD |p 3053.23 |t Ej.1 | ||
